000 00242nam a2200097Ia 4500
001 734408
005 20250826163833.0
008 250824s9999 xx 000 0 und d
245 0 _aSÜPER HAFIZA TEKNİKLERİ
_cFERİT DELEN
260 _bYEDİVEREN
999 _c734408
_d734408